<?xml version="1.0" encoding="UTF-8"?>
<record
    xmlns:xsi="http://www.w3.org/2001/XMLSchema-instance"
    xsi:schemaLocation="http://www.loc.gov/MARC21/slim http://www.loc.gov/standards/marcxml/schema/MARC21slim.xsd"
    xmlns="http://www.loc.gov/MARC21/slim">

  <leader>00992na  a2200289   4500</leader>
  <controlfield tag="001">16881</controlfield>
  <controlfield tag="003">MIRAKIL</controlfield>
  <controlfield tag="005">20181213154859.0</controlfield>
  <controlfield tag="008">161016b        tu            000 0      </controlfield>
  <datafield tag="020" ind1=" " ind2=" ">
    <subfield code="a">9756689927</subfield>
  </datafield>
  <datafield tag="035" ind1=" " ind2=" ">
    <subfield code="a">16881</subfield>
  </datafield>
  <datafield tag="040" ind1=" " ind2=" ">
    <subfield code="a">Milas</subfield>
    <subfield code="b">tur</subfield>
    <subfield code="c">TR-AnCHP</subfield>
  </datafield>
  <datafield tag="041" ind1=" " ind2=" ">
    <subfield code="a">tur</subfield>
  </datafield>
  <datafield tag="082" ind1=" " ind2=" ">
    <subfield code="a">346.086</subfield>
    <subfield code="b">T96t 2005</subfield>
  </datafield>
  <datafield tag="090" ind1=" " ind2=" ">
    <subfield code="a">346.086 T96t 2005</subfield>
  </datafield>
  <datafield tag="111" ind1=" " ind2=" ">
    <subfield code="a">T&#xFC;rkiye'de Sigorta Hukukunun Sorunlar&#x131; ve Gelece&#x11F;i</subfield>
    <subfield code="c">&#x130;stanbul</subfield>
    <subfield code="d">2004</subfield>
  </datafield>
  <datafield tag="245" ind1=" " ind2=" ">
    <subfield code="a">T&#xFC;rkiye'de sigorta hukukunun sorunlar&#x131; ve gelece&#x11F;i</subfield>
    <subfield code="c">T&#xFC;rkiye Barolar Birli&#x11F;i, TEB Sigorta</subfield>
  </datafield>
  <datafield tag="260" ind1=" " ind2=" ">
    <subfield code="a">Ankara</subfield>
    <subfield code="b">T&#xFC;rkiye Barolar Birli&#x11F;i</subfield>
    <subfield code="c">2005</subfield>
  </datafield>
  <datafield tag="300" ind1=" " ind2=" ">
    <subfield code="a">464 s.</subfield>
    <subfield code="c">24 sm.</subfield>
  </datafield>
  <datafield tag="490" ind1=" " ind2=" ">
    <subfield code="a">T&#xFC;rkiye Barolar Birli&#x11F;i yay&#x131;nlar&#x131;</subfield>
    <subfield code="v">83</subfield>
  </datafield>
  <datafield tag="650" ind1=" " ind2=" ">
    <subfield code="a">&#xD6;zel sigorta</subfield>
    <subfield code="x">S&#xF6;zle&#x15F;meler</subfield>
    <subfield code="y">Toplant&#x131;lar</subfield>
    <subfield code="z">T&#xFC;rkiye</subfield>
  </datafield>
  <datafield tag="650" ind1=" " ind2=" ">
    <subfield code="a">Sigorta hukuku</subfield>
    <subfield code="x">Devlet denetimi</subfield>
    <subfield code="y">Toplant&#x131;lar</subfield>
    <subfield code="z">T&#xFC;rkiye</subfield>
  </datafield>
  <datafield tag="650" ind1=" " ind2=" ">
    <subfield code="a">Sigorta</subfield>
    <subfield code="x">Hukuk ve mevzuat</subfield>
    <subfield code="y">Toplant&#x131;lar</subfield>
    <subfield code="z">T&#xFC;rkiye</subfield>
  </datafield>
  <datafield tag="710" ind1=" " ind2=" ">
    <subfield code="a">TEB sigorta</subfield>
  </datafield>
  <datafield tag="710" ind1=" " ind2=" ">
    <subfield code="a">T&#xFC;rkiye Barolar Birli&#x11F;i</subfield>
  </datafield>
  <datafield tag="942" ind1=" " ind2=" ">
    <subfield code="2">dcc</subfield>
    <subfield code="c">BKS</subfield>
  </datafield>
  <datafield tag="952" ind1=" " ind2=" ">
    <subfield code="a">0001</subfield>
    <subfield code="b">0001</subfield>
    <subfield code="d">2016-10-16</subfield>
    <subfield code="e">2</subfield>
    <subfield code="l">0</subfield>
    <subfield code="o">346.086 T96t 2005</subfield>
    <subfield code="p">005379</subfield>
    <subfield code="r">2016-10-16 00:00:00</subfield>
    <subfield code="v">0.00</subfield>
    <subfield code="w">2016-10-16</subfield>
    <subfield code="y">BKS</subfield>
  </datafield>
  <datafield tag="999" ind1=" " ind2=" ">
    <subfield code="c">2483</subfield>
    <subfield code="d">2483</subfield>
  </datafield>
</record>
